Score 0/20 Timer 05:00
0 Plays Today
Hint Answer % Correct
United States
99.3%
China
94.4%
Norway
86.6%
Spain
86.4%
South Africa
85.3%
Jamaica
83.9%
South Korea
76.6%
Iran
72.9%
Romania
67%
Angola
50.2%
Hint Answer % Correct
Dominican Republic
47.7%
Andorra
46.3%
Azerbaijan
43.2%
Kyrgyzstan
42.8%
Haiti
37.5%
Democratic Republic of the Congo
36.6%
Bolivia
34.9%
Burkina Faso
34.4%
St. Kitts and Nevis
29.1%
Namibia
10.9%
Remove Ads.
Support Sporcle.
Get the best of Sporcle when you Go Orange. This ad-free experience offers more features, more stats, and more fun while also helping to support Sporcle. Thank you for becoming a member.

You're not logged in!

Compare scores with friends on all Sporcle quizzes.
OR
Log In

Show Comments

Extras

Top Quizzes Today


Score Distribution

Your Account Isn't Verified!

In order to create a playlist on Sporcle, you need to verify the email address you used during registration. Go to your Sporcle Settings to finish the process.

Report this User

Report this user for behavior that violates our Community Guidelines.

Details: